| 000 | 01792cam a22002054a 4500 | ||
|---|---|---|---|
| 005 | 20250605163430.0 | ||
| 008 | 250528s ||||||||||||||||||||||||d | ||
| 035 | _a19094 | ||
| 020 | _a9602328355 | ||
| 040 |
_aGR-AtMCL _bgre _dGR-AtMCL _eAACR2 |
||
| 245 | 1 | _aΣτοιχεία Εμπορικού Δικαίου (Ι) / Γενικό Μέρος - Εμπορικές Συμβάσεις | |
| 250 | _a2η | ||
| 260 |
_bΑντ. Ν. Σάκκουλα, _c1998 |
||
| 300 | _a112 | ||
| 520 | _aΠρόλογος, Έννοια και Χαρακτηριστικά του Εμπορικού Δικαιου, Εμπορική Δημοσιότητα, Συστήματα Εμπορικότητας, Ιστορική Επισκόπηση και Πηγές και Διάρθρωση του Εμπορικού Δικαίου, Οι Εμπορικές Πράξεις, Οι Έμποροι, Εμπορική Επώνυμια και Διακριτικές Τίτλος, Εμπορικά Βιβλία, Η Εμπορική Επιχείρηση, Εμπορικές Συμβάσεις, Γενικοί Κανόνες, Αλληλόχρεος Λογαριασμός, Η Παραγγελία, Συμβάσεις Διανομής Εμπορευμάτων και Παροχής Υπηρεσιών, Η Εμπορική Πώληση, Η Σύμβαση Μεταφοράς, Σύμβαση Αποθήκευσης και Φύλαξης, Εξασφάλιση Απαιτήσεων με Τραπεζική Διαμεσολάβηση, Σύγχρονες Χρηματοδοτικές Συμβάσεις, Τραπεζικές Εργασίες, Χρηματιστιριακές Συνάλλαγες, Αλφαβητικό Ευρετήριο. | ||
| 700 | 1 | _aΡόκας Νικ. Κ | |
| 942 | _cBK | ||
| 999 |
_c4375 _d4375 |
||